Normal view
MARC view
Entry Término temático
001 - NÚMERO DE CONTROL
- campo de control: 141225
003 - IDENTIFICADOR DEL NÚMERO DE CONTROL
- campo de control: OSt
005 - FECHA Y HORA DE LA ÚLTIMA TRANSACCIÓN
- campo de control: 20220127160003.0
008 - DATOS DE LONGITUD FIJA
- campo de control de longitud fija: 220127|| aca||aabn | a|a d
040 ## - FUENTE DE LA CATALOGACIÓN
- Centro catalogador/agencia de origen: OSt
- Centro/agencia transcriptor: OSt
150 ## - ENCABEZAMIENTO--TÉRMINO DE MATERIA
- Término de materia o nombre geográfico como elemento de entrada: México
- Subdivisión general: Agricultura
- Subdivisión general: Aspectos económicos I. UACH. Departamento de Economía Agrícola II. UACH. Departamento de Sociología Rural III. Zepeda del Valle, Juan Manuel IV. Pat Fernández, Manuel V. t
670 ## - FUENTE DE DATOS ENCONTRADOS
- Cita de la fuente: Work cat.: (OSt)167043: Queitsch, Jurgen 93156, Introducción a la economía de unidades agropecuarias colectivas en México /, 1987
